01003 2200349 4500001002100000005001500021035002000036007000300056040001700059100003400076245006800110250001200178300003400190020002200224041000800246082001100254084001700265090002200282260004100304500002900345650002400374850001000398008004100408264004600449336002100495337003000516338002300546990002100569990002100590990002100611990002100632INLIS00000000000631020260418073026 a0010-0322000554ta aSBPUPADbInd0 aSusatyo HerlambangePengarang1 aManajemen Pelayanan Kesehatan Rumah Sakit /cSusatyo Herlambang a.-Cet 1 ax,189 hal. :bIllus. ;c23 cm a978-602-1107-61-40 aInd a362.11 a362.11 SUS m a362.198 SAI b 7-8 a.--Jakarta :bPT Bina Pustaka,c2009 aTentang Penulis ,hlm 189 4aPelayanan Kesehatan aPUPAD260418 0  a.--Yogyakarta :bGosyen Publishing,c2016 2rdacontentaTeks 2rdamediaaTanpa Perantara 2rdacarrieravolume a22.956/B/KAPD/16 a22.958/B/KAPD/16 a22.957/B/KAPD/16 a22.959/B/KAPD/16